[Event "XX Miedzynarodowy Turniej Szachowy"]
[Site "Kowalewo Pomorskie"]
[Date "2013.07.13"]
[Round "6.13"]
[White "Sobczynski, Roman"]
[Black "Kowalczyk, Rafal"]
[Result "1/2-1/2"]
[WhiteElo "1880"]
[BlackElo "2135"]
[PlyCount "21"]
[EventDate "2013.??.??"]

1. e4 e5 2. Nf3 Nc6 3. Bb5 f5 4. Nc3 fxe4 5. Nxe4 d5 6. Ng3 Bd6 7. d4 e4 8. Ne5
Bxe5 9. Bxc6+ bxc6 10. Qh5+ Kf8 11. Qxe5 1/2-1/2

[Event "XX Miedzynarodowy Turniej Szachowy"]
[Site "Kowalewo Pomorskie"]
[Date "2013.07.13"]
[Round "6.14"]
[White "Rozycki, Bartlomiej"]
[Black "Teclaf, Pawel"]
[Result "1/2-1/2"]
[WhiteElo "2064"]
[BlackElo "1863"]
[PlyCount "57"]
[EventDate "2013.??.??"]

1. e4 e5 2. Nf3 Nc6 3. Bb5 a6 4. Bxc6 dxc6 5. O-O Bg4 6. h3 h5 7. d3 Qf6 8. Be3
Bxf3 9. Qxf3 Qxf3 10. gxf3 O-O-O 11. f4 exf4 12. Bxf4 Ne7 13. Nd2 f6 14. Nc4 g5
15. Bd2 Ng6 16. Bc3 Be7 17. Ne3 Rdf8 18. Nf5 Bd6 19. Bd2 Bf4 20. Bxf4 Nxf4 21.
h4 Kd7 22. Kh2 Rfg8 23. Rae1 gxh4 24. Rg1 h3 25. Rxg8 Rxg8 26. Rg1 Rg5 27. Nd4
c5 28. Nf3 Rg4 29. Rg3 1/2-1/2

[Event "XX Miedzynarodowy Turniej Szachowy"]
[Site "Kowalewo Pomorskie"]
[Date "2013.07.13"]
[Round "6.16"]
[White "Cichocki, Konrad"]
[Black "Wisniewski, Szymon"]
[Result "0-1"]
[WhiteElo "1958"]
[BlackElo "1791"]
[PlyCount "46"]
[EventDate "2013.??.??"]

1. d4 Nf6 2. c4 c5 3. d5 b5 4. cxb5 a6 5. bxa6 Bxa6 6. Nc3 g6 7. Nf3 d6 8. g3
Bg7 9. Bg2 O-O 10. O-O Qb6 11. Qc2 Qb7 12. Rd1 Bc4 13. e4 Bb3 14. axb3 Rxa1 15.
Na4 Na6 16. Nd2 Nb4 17. Qc4 Na2 18. Bf1 Rxc1 19. Rxc1 Nxc1 20. Qxc1 Qb4 21. Bc4
Ng4 22. h3 Ne5 23. f4 Qxd2 0-1

[Event "XX Miedzynarodowy Turniej Szachowy"]
[Site "Kowalewo Pomorskie"]
[Date "2013.07.13"]
[Round "6.17"]
[White "Augustowski, Janusz"]
[Black "Wacior, Maciej"]
[Result "0-1"]
[WhiteElo "1860"]
[BlackElo "1758"]
[PlyCount "104"]
[EventDate "2013.??.??"]

1. d4 d5 2. Nf3 Nf6 3. g3 e6 4. Bg2 Be7 5. O-O O-O 6. c4 c6 7. cxd5 exd5 8. Nc3
Bf5 9. Nh4 Bg6 10. Nxg6 hxg6 11. Rb1 Nbd7 12. b4 Nb6 13. b5 Nc4 14. bxc6 bxc6
15. Qa4 Qc7 16. Rd1 Rfb8 17. Bf4 Bd6 18. Bxd6 Nxd6 19. Qa3 Nc4 20. Qc5 Qd6 21.
Qxd6 Nxd6 22. e3 Rb6 23. Na4 Ra6 24. Rb4 Nb5 25. Rc1 Re8 26. Bf1 Ne4 27. Rc2
Ned6 28. Rcb2 Rc8 29. Kg2 Kh7 30. h4 Rc7 31. Bd3 Kg8 32. Nc3 Rb6 33. Nxb5 cxb5
34. Kf3 Kf8 35. Ke2 Ke7 36. a3 a6 37. a4 a5 38. Rxb5 Nxb5 39. axb5 Kd6 40. Ra2
Ra7 41. Ra4 Rb8 42. f3 Kc7 43. e4 Rd8 44. Ke3 Kb6 45. Kf4 Rc7 46. e5 Rc3 47.
Ke3 Rdc8 48. f4 Rb3 49. Ra2 Rcc3 50. Rd2 a4 51. Ke2 a3 52. g4 Rxd3 0-1

[Event "XX Miedzynarodowy Turniej Szachowy"]
[Site "Kowalewo Pomorskie"]
[Date "2013.07.13"]
[Round "6.18"]
[White "Chylewski, Patryk"]
[Black "Pawlowski, Pawel"]
[Result "1-0"]
[WhiteElo "1740"]
[BlackElo "1804"]
[PlyCount "87"]
[EventDate "2013.??.??"]

1. e4 e6 2. d4 d5 3. Nc3 Bb4 4. e5 c5 5. a3 Bxc3+ 6. bxc3 Ne7 7. Nf3 Nbc6 8. a4
Bd7 9. Be2 cxd4 10. cxd4 Na5 11. O-O Rc8 12. Bd3 Nc4 13. Nd2 O-O 14. Bxc4 dxc4
15. Ne4 Bc6 16. Nd6 Rc7 17. Qg4 Qd7 18. h4 f5 19. Qg3 Nd5 20. a5 f4 21. Qg4 f3
22. g3 Nc3 23. Ba3 Bd5 24. Bc5 Ra8 25. Kh2 Rc6 26. Ra3 Ne2 27. Ne4 Rxc5 28.
Nf6+ Kh8 29. Nxd7 Rc7 30. Nc5 Re7 31. Rd1 Rf8 32. Re3 Rf5 33. h5 h6 34. Rd2 Rg5
35. Qh4 Rf7 36. Ne4 c3 37. Rd1 Bxe4 38. Rxe4 Rff5 39. g4 Rf8 40. d5 exd5 41.
Rxd5 Nf4 42. Rd6 Ne2 43. e6 Rxa5 44. e7 1-0

[Event "XX Miedzynarodowy Turniej Szachowy"]
[Site "Kowalewo Pomorskie"]
[Date "2013.07.13"]
[Round "6.19"]
[White "Balkiewicz, Henryk"]
[Black "Rogalski, Krzysztof"]
[Result "1/2-1/2"]
[WhiteElo "1808"]
[BlackElo "1821"]
[PlyCount "74"]
[EventDate "2013.??.??"]

1. Nf3 d5 2. d4 Nf6 3. g3 e6 4. Bg2 Nbd7 5. c4 b6 6. O-O Bb7 7. Nc3 Be7 8. Qc2
O-O 9. b3 Rc8 10. Bb2 c5 11. Rad1 Qc7 12. e4 Nxe4 13. Nb5 Qb8 14. Nd2 Nxd2 15.
Qxd2 a6 16. Nc3 Nf6 17. dxc5 bxc5 18. cxd5 exd5 19. Nxd5 Nxd5 20. Bxd5 Rfd8 21.
Qe2 Re8 22. Qg4 Bf8 23. Bxb7 Qxb7 24. Rd7 Qe4 25. Qxe4 Rxe4 26. Rfd1 Be7 27.
Kf1 f6 28. Bc1 c4 29. bxc4 Rcxc4 30. Be3 Rc6 31. Ra7 Rce6 32. Rb1 Kf7 33. Bc5
Rc6 34. Bb4 Rb6 35. a3 a5 36. Rxa5 Bxb4 37. axb4 Rexb4 1/2-1/2

[Event "XX Miedzynarodowy Turniej Szachowy"]
[Site "XX Miedzynarodowy Turniej Szac"]
[Date "2013.07.14"]
[Round "7.1"]
[White "Zielinski, Wojciech"]
[Black "Warakomski, Tomasz"]
[Result "1/2-1/2"]
[WhiteElo "2154"]
[BlackElo "2498"]
[PlyCount "90"]
[EventDate "2013.??.??"]

1. b3 e5 2. Bb2 Nc6 3. e3 Nf6 4. Nf3 e4 5. Nd4 Nxd4 6. Bxd4 d5 7. d3 c5 8. Bb2
exd3 9. Bxd3 Be7 10. O-O O-O 11. Nd2 Bg4 12. f3 Bh5 13. c4 Bg6 14. Bxg6 hxg6
15. Qe2 Qc7 16. Rad1 dxc4 17. Nxc4 b5 18. Bxf6 gxf6 19. Nd2 Qa5 20. Ne4 Rfd8
21. Qc2 Rac8 22. Nc3 Rxd1 23. Rxd1 c4 24. Nd5 Bd8 25. h4 Qa6 26. h5 cxb3 27.
Qxb3 gxh5 28. Nf4 Qa4 29. Qxa4 bxa4 30. Rd4 a3 31. Rd3 Rc1+ 32. Kh2 Be7 33. Rd7
Kf8 34. Rxa7 Bd6 35. Ra6 Ke7 36. Kh3 Rh1+ 37. Kg3 Ra1 38. Kh4 Rxa2 39. Nd5+ Ke6
40. Nxf6 Kxf6 41. Rxd6+ Kf5 42. Rd5+ Kg6 43. Rg5+ Kf6 44. Ra5 Kg6 45. Rg5+ Kf6
1/2-1/2

[Event "XX Miedzynarodowy Turniej Szachowy"]
[Site "XX Miedzynarodowy Turniej Szac"]
[Date "2013.07.14"]
[Round "7.2"]
[White "Sieciechowicz, Marcin"]
[Black "Jaroch, Karol"]
[Result "1-0"]
[WhiteElo "2462"]
[BlackElo "2241"]
[PlyCount "95"]
[EventDate "2013.??.??"]

1. d4 d5 2. c4 e6 3. Nc3 Nf6 4. cxd5 exd5 5. Bg5 Be7 6. e3 O-O 7. Bd3 h6 8. Bh4
c6 9. Nge2 Nbd7 10. O-O b5 11. f3 Nb6 12. Bf2 b4 13. Na4 Nxa4 14. Qxa4 Bd7 15.
Qc2 Qa5 16. Nc1 Qc7 17. Nb3 Bd6 18. h3 Nh5 19. Bh7+ Kh8 20. Bf5 Bxf5 21. Qxf5
g6 22. Qd3 a5 23. Rac1 Rfc8 24. e4 Bf4 25. Rc2 Qe7 26. e5 Qg5 27. h4 Qe7 28. g4
Ng7 29. Be3 Bxe3+ 30. Qxe3 Kh7 31. Nc5 Ne6 32. Kg2 Rab8 33. Rfc1 b3 34. axb3
Nxc5 35. Rxc5 a4 36. bxa4 Rxb2+ 37. Kg3 Qe6 38. Qf4 f5 39. Ra5 Rb7 40. g5 hxg5
41. hxg5 Kg8 42. Rh1 Rf8 43. Rh6 Rb2 44. Ra7 Rf7 45. Ra8+ Rf8 46. Rh8+ Kxh8 47.
Rxf8+ Kg7 48. Rf6 1-0

[Event "XX Miedzynarodowy Turniej Szachowy"]
[Site "XX Miedzynarodowy Turniej Szac"]
[Date "2013.07.14"]
[Round "7.3"]
[White "Siembab, Bartosz"]
[Black "Zebracki, Tomasz"]
[Result "1/2-1/2"]
[WhiteElo "2258"]
[BlackElo "1929"]
[PlyCount "131"]
[EventDate "2013.??.??"]

1. d4 Nf6 2. Nf3 d5 3. g3 c6 4. Bg2 Bf5 5. O-O e6 6. Nbd2 Bd6 7. b3 Nbd7 8. Bb2
Ne4 9. Nh4 Nxd2 10. Qxd2 Bg6 11. a4 O-O 12. Nxg6 hxg6 13. Rad1 Re8 14. e4 dxe4
15. Bxe4 Nf6 16. Bf3 Qc7 17. c4 Rad8 18. Rfe1 Bf8 19. Bc3 Rd7 20. Qb2 Red8 21.
b4 a6 22. a5 Ne8 23. Qb3 Be7 24. d5 cxd5 25. cxd5 exd5 26. Bg4 f5 27. Bf3 Bf6
28. Bxd5+ Kh8 29. Bxf6 Nxf6 30. Rc1 Qd6 31. Bf3 Rc7 32. Rcd1 Qf8 33. Rxd8 Qxd8
34. Qe3 Qd6 35. Rb1 Re7 36. Qb3 Ne4 37. Bxe4 Rxe4 38. b5 Kh7 39. Rd1 Qe6 40.
Qxe6 Rxe6 41. Rd5 Re1+ 42. Kg2 Ra1 43. b6 Kg8 44. Kf3 Re1 45. Rd8+ Kh7 46. Rd5
Kg8 47. h4 Re7 48. Rc5 Re6 49. h5 Kh7 50. hxg6+ Kxg6 51. Rc7 Re5 52. Rxb7 Rxa5
53. Ke3 Rb5 54. Kd4 Kf6 55. f4 Kg6 56. Kc4 Kf6 57. Rb8 Kg6 58. b7 Kh7 59. Rf8
Rxb7 60. Rxf5 Rb1 61. Rh5+ Kg6 62. Ra5 Rb6 63. Kd4 Kf6 64. Ke4 g5 65. Ra4 gxf4
66. gxf4 1/2-1/2

[Event "XX Miedzynarodowy Turniej Szachowy"]
[Site "XX Miedzynarodowy Turniej Szac"]
[Date "2013.07.14"]
[Round "7.4"]
[White "Krainski, Slawomir"]
[Black "Kukula, Pawel"]
[Result "0-1"]
[WhiteElo "2035"]
[BlackElo "2250"]
[PlyCount "77"]
[EventDate "2013.??.??"]

1. d4 Nf6 2. Bf4 g6 3. e3 Bg7 4. Nf3 d6 5. h3 O-O 6. Be2 c5 7. c3 b6 8. O-O Bb7
9. Nbd2 Nbd7 10. Bh2 a6 11. a4 Ra7 12. Qc2 Qa8 13. Rfd1 Rc8 14. Bf1 Bc6 15. Qb3
h6 16. Qa3 Rac7 17. b4 cxb4 18. cxb4 Bxf3 19. Nxf3 Rc3 20. Qb2 Rc2 21. Qb3 Ne4
22. Bd3 R2c3 23. Qb1 Ndf6 24. Qb2 a5 25. b5 Qb7 26. Rac1 Qc7 27. Rxc3 Qxc3 28.
Qxc3 Nxc3 29. Ra1 Nfd5 30. Nd2 Nb4 31. Bf1 d5 32. Bf4 f6 33. Nf3 Ne4 34. Ne1 e5
35. Bg3 Nxg3 36. fxg3 Rc3 37. Kf2 h5 38. dxe5 fxe5 39. Nf3 0-1

[Event "XX Miedzynarodowy Turniej Szachowy"]
[Site "XX Miedzynarodowy Turniej Szac"]
[Date "2013.07.14"]
[Round "7.5"]
[White "Rak, Tomasz"]
[Black "Budrewicz, Krzysztof"]
[Result "1/2-1/2"]
[WhiteElo "2023"]
[BlackElo "2196"]
[PlyCount "121"]
[EventDate "2013.??.??"]

1. Nf3 c5 2. c4 Nc6 3. d4 cxd4 4. Nxd4 g6 5. Nc3 Bg7 6. Nc2 Bxc3+ 7. bxc3 Qa5
8. Ne3 Nf6 9. g3 Qxc3+ 10. Bd2 Qd4 11. Rc1 Ne4 12. Rc2 d6 13. Bg2 Nxd2 14. Rxd2
Qc5 15. O-O O-O 16. Rd5 Qb6 17. Qa1 Be6 18. Rb1 Qc7 19. Rdb5 b6 20. h4 Rac8 21.
h5 Ne5 22. h6 f6 23. Nd5 Qd7 24. Nf4 Bxc4 25. Bh3 e6 26. R5b4 f5 27. Rd1 Qe7
28. Bg2 Rc5 29. Rb2 Ng4 30. Rc2 Nxh6 31. Qc1 Bxa2 32. Rxc5 bxc5 33. Rd2 Bb3 34.
Qc3 g5 35. Nh5 d5 36. Qxb3 c4 37. Qe3 Ng4 38. Qd4 Qf7 39. f3 Qxh5 40. fxg4 Qxg4
41. Qe5 f4 42. Rxd5 Qf5 43. Qxf5 Rxf5 44. Rd7 Rf7 45. Rd6 Rc7 46. Be4 c3 47.
Bc2 Kf7 48. gxf4 gxf4 49. Kf2 a5 50. Ra6 Rc5 51. Kf3 Kf6 52. Kxf4 h5 53. e4 h4
54. Bb3 c2 55. Rxe6+ Kg7 56. Bxc2 Rxc2 57. Re5 a4 58. Ra5 Rc4 59. Rh5 a3 60.
Rxh4 a2 61. Rh1 1/2-1/2

[Event "XX Miedzynarodowy Turniej Szachowy"]
[Site "XX Miedzynarodowy Turniej Szac"]
[Date "2013.07.14"]
[Round "7.6"]
[White "Tarczykowski, Janusz"]
[Black "Paprocki, Jaroslaw"]
[Result "0-1"]
[WhiteElo "2026"]
[BlackElo "2218"]
[PlyCount "100"]
[EventDate "2013.??.??"]

1. d4 Nf6 2. c4 e6 3. g3 d5 4. Nf3 c6 5. Bg2 Nbd7 6. O-O dxc4 7. a4 Be7 8. Na3
c3 9. bxc3 b6 10. Nc4 Nd5 11. Qc2 O-O 12. Nfe5 Bb7 13. Rd1 N7f6 14. Ba3 Rc8 15.
e4 Nc7 16. Bxe7 Qxe7 17. Nd3 Ba6 18. Nce5 Nce8 19. a5 Bxd3 20. Qxd3 b5 21. a6
Nd7 22. Nxd7 Qxd7 23. c4 Nc7 24. cxb5 cxb5 25. d5 exd5 26. Qd4 Rfd8 27. exd5
Ne8 28. Rdc1 Nd6 29. Rc6 Nf5 30. Qg4 g6 31. Be4 h5 32. Qf4 Nd4 33. Qf6 Nxc6 34.
dxc6 Qd4 35. Qxd4 Rxd4 36. Bf3 b4 37. Rb1 Kf8 38. Kf1 Ke7 39. Ke2 Kd6 40. Ke3
Kc5 41. Be2 Re8+ 42. Kf3 Kxc6 43. Bf1 Kb6 44. Rb2 g5 45. h3 g4+ 46. hxg4 hxg4+
47. Kg2 Re1 48. Be2 Rxe2 49. Rxe2 Kxa6 50. Re7 b3 0-1

[Event "XX Miedzynarodowy Turniej Szachowy"]
[Site "XX Miedzynarodowy Turniej Szac"]
[Date "2013.07.14"]
[Round "7.7"]
[White "Machlowski, Slawomir"]
[Black "Renkowski, Piotr"]
[Result "0-1"]
[WhiteElo "2159"]
[BlackElo "2004"]
[PlyCount "66"]
[EventDate "2013.??.??"]

1. g3 e5 2. c4 c6 3. Bg2 d5 4. Qc2 Be6 5. b3 g6 6. Nf3 Bg7 7. Bb2 Nd7 8. O-O h6
9. cxd5 cxd5 10. Rc1 Ne7 11. d3 O-O 12. Nc3 f5 13. e3 Nc6 14. Na4 Rc8 15. Nc5
Nxc5 16. Qxc5 Nd4 17. Qxa7 Ne2+ 18. Kf1 Nxc1 19. Rxc1 Rxc1+ 20. Bxc1 Qc7 21.
Bd2 Qc2 22. Bb4 Qxd3+ 23. Kg1 Rc8 24. Qb6 Qa6 25. Qxa6 bxa6 26. Bf1 Rc6 27. Ba5
g5 28. a4 d4 29. b4 dxe3 30. fxe3 e4 31. Nd4 Bxd4 32. exd4 Rc1 33. Kf2 e3+ 0-1

[Event "XX Miedzynarodowy Turniej Szachowy"]
[Site "XX Miedzynarodowy Turniej Szac"]
[Date "2013.07.14"]
[Round "7.8"]
[White "Bes, Michal"]
[Black "Sliwicki, Damian"]
[Result "0-1"]
[WhiteElo "2000"]
[BlackElo "2027"]
[PlyCount "48"]
[EventDate "2013.??.??"]

1. d4 d5 2. Nf3 e6 3. c4 c6 4. Nc3 dxc4 5. a4 Bb4 6. e4 b5 7. Bd2 a5 8. d5 exd5
9. exd5 cxd5 10. b3 d4 11. Qe2+ Ne7 12. Nxb5 c3 13. Bf4 O-O 14. Nfxd4 Nd5 15.
O-O-O Nxf4 16. Qf3 Qg5 17. Qxa8 Ne2+ 18. Kc2 Bf5+ 19. Nxf5 Qxf5+ 20. Rd3 Qxf2
21. Nxc3 Nd4+ 22. Kd1 Qc2+ 23. Ke1 Re8+ 24. Be2 Qxe2# 0-1

[Event "XX Miedzynarodowy Turniej Szachowy"]
[Site "XX Miedzynarodowy Turniej Szac"]
[Date "2013.07.14"]
[Round "7.9"]
[White "Kaczmarek, Arkadiusz"]
[Black "Smal, Tobiasz"]
[Result "1/2-1/2"]
[WhiteElo "2027"]
[BlackElo "1893"]
[PlyCount "91"]
[EventDate "2013.??.??"]

1. d4 Nf6 2. c4 g6 3. Nc3 Bg7 4. e4 d6 5. Nf3 O-O 6. Be2 Na6 7. Be3 c6 8. O-O
e5 9. d5 c5 10. Nd2 Ne8 11. a3 f5 12. f3 f4 13. Bf2 g5 14. g4 h5 15. h3 hxg4
16. hxg4 Kf7 17. Rb1 Bd7 18. b4 b6 19. Kg2 Rh8 20. Rh1 Rxh1 21. Qxh1 Nf6 22.
Bd1 Nc7 23. Nb3 a5 24. b5 Qb8 25. Na4 Be8 26. Be2 Kf8 27. Qh2 Bg6 28. Rh1 Kf7
29. Qg1 Nd7 30. Rh2 Nf6 31. Kf1 Nce8 32. Qh1 Nd7 33. Ke1 Nef6 34. Kd1 Qc7 35.
Kc1 Qb8 36. Kb2 Qc7 37. Ka2 Qb8 38. Be1 Qb7 39. Bd2 Qb8 40. Nc1 Qd8 41. Nd3 Ng8
42. Nc3 Qf6 43. Be1 Ne7 44. Nf2 Ng8 45. Nh3 Bh6 46. a4 1/2-1/2

[Event "XX Miedzynarodowy Turniej Szachowy"]
[Site "XX Miedzynarodowy Turniej Szac"]
[Date "2013.07.14"]
[Round "7.10"]
[White "Wisniewski, Szymon"]
[Black "Karpus, Michal"]
[Result "0-1"]
[WhiteElo "1791"]
[BlackElo "1764"]
[PlyCount "70"]
[EventDate "2013.??.??"]

1. f4 Nf6 2. Nc3 d5 3. e3 g6 4. Nf3 Bg7 5. Bb5+ Bd7 6. Bxd7+ Nbxd7 7. O-O O-O
8. d3 c5 9. Qe1 Qc7 10. e4 e6 11. Qh4 Qd8 12. f5 dxe4 13. dxe4 exf5 14. exf5
Qb6 15. fxg6 fxg6 16. Ng5 Qb4 17. Qh3 Qg4 18. Nxh7 Qxh3 19. Nxf6+ Bxf6 20. gxh3
Bd4+ 21. Kg2 Rxf1 22. Kxf1 Rf8+ 23. Ke2 Rf2+ 24. Kd3 Rxh2 25. Bf4 Rxh3+ 26. Kc4
Bxc3 27. bxc3 Rh4 28. Rf1 g5 29. Kd5 Rxf4 30. Rg1 g4 31. Kd6 Nb6 32. Kxc5 Na4+
33. Kd6 Nxc3 34. Kc7 b6 35. Kb7 Ra4 0-1

[Event "XX Miedzynarodowy Turniej Szachowy"]
[Site "XX Miedzynarodowy Turniej Szac"]
[Date "2013.07.14"]
[Round "7.11"]
[White "Kowalczyk, Rafal"]
[Black "Zurkowski, Andrzej"]
[Result "1-0"]
[WhiteElo "2135"]
[BlackElo "2020"]
[PlyCount "115"]
[EventDate "2013.??.??"]

1. e4 d5 2. exd5 Qxd5 3. Nc3 Qd6 4. d4 Nf6 5. Nf3 a6 6. Be3 e6 7. Bd3 Nbd7 8.
O-O Be7 9. Nd2 c6 10. Qf3 O-O 11. Nc4 Qc7 12. Bf4 Qd8 13. a4 Nb6 14. Rfd1 Nbd5
15. Be5 b6 16. Ne4 Bb7 17. a5 b5 18. Ncd6 Bc8 19. c4 Nb4 20. Bb1 Nxe4 21. Qxe4
f5 22. Qf4 bxc4 23. Nxc4 Nd5 24. Qg3 g6 25. Bd3 c5 26. Be2 Bb7 27. dxc5 Bxc5
28. h4 Qe7 29. Rac1 Rfd8 30. b3 Rac8 31. Bb2 Nf6 32. Qe5 Kf7 33. Nb6 Rxd1+ 34.
Rxd1 Rc7 35. Kf1 Bxb6 36. axb6 Rc5 37. Qe3 Nd5 38. Qh6 Rc2 39. Qxh7+ Ke8 40.
Qxg6+ Kd7 41. Bf6 Qd6 42. Qg7+ Kc6 43. Be5 Qd8 44. Bf3 Kxb6 45. Bd4+ Kc6 46.
Qf7 Bc8 47. Bf6 Qd6 48. h5 Bd7 49. h6 Kb6 50. Bd4+ Ka5 51. g3 Bb5+ 52. Kg1 f4
53. g4 e5 54. h7 exd4 55. h8=Q Nc3 56. Qxd4 Qxd4 57. Rxd4 Rc1+ 58. Kh2 1-0

[Event "XX Miedzynarodowy Turniej Szachowy"]
[Site "XX Miedzynarodowy Turniej Szac"]
[Date "2013.07.14"]
[Round "7.12"]
[White "Banasik, Krzysztof"]
[Black "Sobczynski, Roman"]
[Result "1/2-1/2"]
[WhiteElo "2287"]
[BlackElo "1880"]
[PlyCount "21"]
[EventDate "2013.??.??"]

1. e4 c5 2. Nf3 d6 3. Bc4 Nc6 4. O-O g6 5. c3 Nf6 6. d3 Bg7 7. Bb3 O-O 8. h3 a6
9. Re1 b5 10. d4 cxd4 11. cxd4 1/2-1/2

[Event "XX Miedzynarodowy Turniej Szachowy"]
[Site "XX Miedzynarodowy Turniej Szac"]
[Date "2013.07.14"]
[Round "7.13"]
[White "Teclaf, Pawel"]
[Black "Szopieraj, Dariusz"]
[Result "1-0"]
[WhiteElo "1863"]
[BlackElo "2069"]
[PlyCount "99"]
[EventDate "2013.??.??"]

1. e4 c5 2. Nf3 Nc6 3. d4 cxd4 4. Nxd4 e5 5. Nb5 a6 6. Nd6+ Bxd6 7. Qxd6 Qf6 8.
Qa3 Nge7 9. Nc3 O-O 10. Be3 Nd4 11. O-O-O Nec6 12. Nd5 Qg6 13. f3 Rb8 14. c3
Ne6 15. Nb6 Rd8 16. Qd6 Qf6 17. Nd5 Qg6 18. Qxb8 Nxb8 19. Ne7+ Kf8 20. Nxg6+
hxg6 21. Bb6 Re8 22. Bc4 Nc6 23. Bxe6 Rxe6 24. Bc5+ Kg8 25. Rd6 Re8 26. Bb6 f6
27. Kc2 Re7 28. a4 Rf7 29. g3 Kf8 30. b4 Ke8 31. b5 Ne7 32. Rb1 f5 33. Bc5 Kd8
34. Bb6+ Ke8 35. Be3 fxe4 36. fxe4 Kd8 37. Bb6+ Ke8 38. Be3 Kd8 39. c4 Kc7 40.
c5 Kd8 41. Kd2 Ke8 42. Ke2 Rf6 43. Bg5 Rf7 44. Bxe7 Rxe7 45. Rxg6 Kf7 46. Rd6
Re8 47. Ke3 Kg8 48. bxa6 bxa6 49. Rb8 Kf7 50. c6 1-0

[Event "XX Miedzynarodowy Turniej Szachowy"]
[Site "XX Miedzynarodowy Turniej Szac"]
[Date "2013.07.14"]
[Round "7.14"]
[White "Wacior, Maciej"]
[Black "Rozycki, Bartlomiej"]
[Result "1/2-1/2"]
[WhiteElo "1758"]
[BlackElo "2064"]
[PlyCount "84"]
[EventDate "2013.??.??"]

1. d4 d5 2. Nf3 e6 3. Bf4 Nf6 4. e3 c5 5. c3 Bd6 6. Bxd6 Qxd6 7. Be2 Nc6 8. O-O
O-O 9. Nbd2 e5 10. dxe5 Nxe5 11. Nxe5 Qxe5 12. Nf3 Qc7 13. c4 dxc4 14. Bxc4 Bg4
15. Be2 a6 16. Qc2 b5 17. Rac1 Rac8 18. a4 Qb6 19. axb5 axb5 20. Qb3 Rb8 21.
Qc2 c4 22. Nd4 Bxe2 23. Qxe2 Rfc8 24. Rfd1 Qc5 25. h3 b4 26. Nb3 Qc7 27. Rc2 c3
28. Rdc1 Qe5 29. bxc3 Rxc3 30. Rxc3 bxc3 31. Qc4 Nd5 32. Nd4 Qe4 33. Qc6 h6 34.
Nb5 Rb6 35. Qc8+ Kh7 36. Nxc3 Nxc3 37. Qxc3 Rg6 38. g3 Qf3 39. Qe1 h5 40. Qd1
Qf5 41. Kg2 Qe5 42. Rc4 Rb6 1/2-1/2

[Event "XX Miedzynarodowy Turniej Szachowy"]
[Site "XX Miedzynarodowy Turniej Szac"]
[Date "2013.07.14"]
[Round "7.15"]
[White "Kamieniecki, Tomasz"]
[Black "Sliwicka, Alicja"]
[Result "1-0"]
[WhiteElo "1963"]
[BlackElo "1817"]
[PlyCount "81"]
[EventDate "2013.??.??"]

1. d4 d5 2. c4 e6 3. cxd5 exd5 4. Nc3 Nf6 5. Bg5 Bb4 6. Qc2 O-O 7. e3 h6 8. Bh4
c5 9. Bd3 Re8 10. Nge2 Bg4 11. O-O Bxc3 12. bxc3 Bxe2 13. Qxe2 Nbd7 14. Rab1 b6
15. Bb5 Re6 16. Bxd7 Qxd7 17. Bxf6 Rxf6 18. dxc5 bxc5 19. Rfd1 a6 20. Rb2 Re8
21. Qc4 Rd6 22. Qxc5 Rc8 23. Qd4 Rc4 24. Rb8+ Kh7 25. Qd3+ g6 26. Rb4 Rxb4 27.
cxb4 Qb7 28. Qd4 f5 29. h3 Qe7 30. Rc1 Rd8 31. Rc6 Qb7 32. Qf6 Rg8 33. Rxa6 Rg7
34. a3 Qc7 35. Rc6 Qd7 36. b5 f4 37. b6 fxe3 38. fxe3 Qb7 39. Qxg7+ Qxg7 40.
Rc7 Qxc7 41. bxc7 1-0

[Event "XX Miedzynarodowy Turniej Szachowy"]
[Site "XX Miedzynarodowy Turniej Szac"]
[Date "2013.07.14"]
[Round "7.16"]
[White "Zielinski, Olgierd"]
[Black "Kindler, Przemyslaw"]
[Result "1-0"]
[WhiteElo "1900"]
[BlackElo "1768"]
[PlyCount "61"]
[EventDate "2013.??.??"]

1. d4 d5 2. c4 c6 3. Nc3 Nf6 4. Nf3 e6 5. Bg5 Nbd7 6. e3 Be7 7. Bd3 b6 8. O-O
O-O 9. Rc1 Bb7 10. Re1 Rc8 11. cxd5 Nxd5 12. Bxe7 Nxe7 13. Ne4 Qc7 14. Bb1 Ng6
15. Neg5 Qd8 16. h4 Nf6 17. g3 h6 18. Nxe6 fxe6 19. Bxg6 c5 20. Ne5 Ne4 21. Qg4
Qf6 22. Bxe4 Qxf2+ 23. Kh1 Bxe4+ 24. Qxe4 cxd4 25. Nc6 Rce8 26. Qg2 d3 27. Rcd1
Qf5 28. Rf1 Qb5 29. Rxf8+ Kxf8 30. Nd4 Qc4 31. b3 1-0

[Event "XX Miedzynarodowy Turniej Szachowy"]
[Site "XX Miedzynarodowy Turniej Szac"]
[Date "2013.07.14"]
[Round "7.17"]
[White "Chylewski, Patryk"]
[Black "Cichocki, Konrad"]
[Result "0-1"]
[WhiteElo "1740"]
[BlackElo "1958"]
[PlyCount "70"]
[EventDate "2013.??.??"]

1. e4 d6 2. d4 Nf6 3. Nc3 Nbd7 4. Be3 e5 5. Nf3 c6 6. Be2 b5 7. a3 Be7 8. O-O
O-O 9. Qd2 Qc7 10. Rfd1 a6 11. Bd3 Bb7 12. h3 Rad8 13. Nh2 exd4 14. Bxd4 c5 15.
Bxf6 Bxf6 16. Re1 b4 17. axb4 cxb4 18. Na4 a5 19. Ng4 Rfe8 20. f3 Bd4+ 21. Kh1
h5 22. Ne3 Be5 23. Bb5 Bg3 24. Red1 Re5 25. Bxd7 Qxd7 26. Nf5 Rxf5 27. exf5
Qxf5 28. Nb6 Re8 29. Nc4 d5 30. Rxa5 Qc8 31. Nb6 Qc7 32. Rb5 Qc6 33. Qxd5 Qxc2
34. Rc5 Qe2 35. Qd7 Qe1+ 0-1

[Event "XX Miedzynarodowy Turniej Szachowy"]
[Site "XX Miedzynarodowy Turniej Szac"]
[Date "2013.07.14"]
[Round "7.18"]
[White "Rogalski, Krzysztof"]
[Black "Augustowski, Janusz"]
[Result "1/2-1/2"]
[WhiteElo "1821"]
[BlackElo "1860"]
[PlyCount "68"]
[EventDate "2013.??.??"]

1. d4 Nf6 2. c4 c5 3. d5 b5 4. cxb5 a6 5. bxa6 Bxa6 6. Nc3 g6 7. g3 Bg7 8. Bg2
d6 9. Nf3 O-O 10. O-O Nbd7 11. h3 Qc7 12. Re1 Nb6 13. e4 Nfd7 14. Bf1 Rfb8 15.
Bxa6 Rxa6 16. Qe2 Rba8 17. Bg5 Ne5 18. Nxe5 Bxe5 19. Be3 Na4 20. Nd1 Rb6 21.
Rb1 Qb7 22. b3 Nc3 23. Nxc3 Bxc3 24. Rec1 Bg7 25. Rc2 Rba6 26. Rd1 Qd7 27. Kg2
h5 28. Rdd2 Rb6 29. Rd1 Rba6 30. Rdd2 Rb6 31. Qd3 Rb4 32. Rc4 Rb6 33. Rcc2 Rb4
34. Rc4 Rb6 1/2-1/2

[Event "XX Miedzynarodowy Turniej Szachowy"]
[Site "XX Miedzynarodowy Turniej Szac"]
[Date "2013.07.14"]
[Round "7.19"]
[White "Pawlowski, Pawel"]
[Black "Balkiewicz, Henryk"]
[Result "1-0"]
[WhiteElo "1804"]
[BlackElo "1808"]
[PlyCount "109"]
[EventDate "2013.??.??"]

1. e4 c6 2. d4 d5 3. f3 Qc7 4. Nc3 Nf6 5. e5 Ng8 6. f4 Nh6 7. Be2 c5 8. Nxd5
Qd7 9. dxc5 e6 10. Nc3 Bxc5 11. Ne4 Be7 12. Nf3 Nf5 13. O-O O-O 14. g4 Nh4 15.
Nxh4 Bxh4 16. Nd6 Be7 17. Nxc8 Bc5+ 18. Kg2 Qxc8 19. Bf3 Nc6 20. c3 Qc7 21. Qe2
f5 22. g5 Ne7 23. Be3 Ng6 24. Kg3 Be7 25. h4 h6 26. h5 Nxf4 27. Bxf4 hxg5 28.
Bd2 Qd8 29. Kh2 g4 30. Bg2 Qe8 31. Rh1 Qxh5+ 32. Kg1 Qg6 33. Bf4 Qf7 34. Qe3 b6
35. Kf1 Rad8 36. b4 Rd7 37. Bc6 Rc7 38. b5 Bc5 39. Qe2 Qe7 40. Rh5 Kf7 41. Bg5
Qxg5 42. Rxg5 Rh8 43. Qg2 Rh3 44. c4 Rc8 45. Rd1 Rch8 46. Rd7+ Be7 47. Rxg7+
Kxg7 48. Rxe7+ Kg6 49. Rxe6+ Kg5 50. Qd2+ f4 51. Rf6 Re3 52. Bg2 Re8 53. Qd4
R3xe5 54. Qxf4+ Kh4 55. Rh6+ 1-0

[Event "XX Miedzynarodowy Turniej Szachowy"]
[Site "XX Miedzynarodowy Turniej Szac"]
[Date "2013.07.15"]
[Round "8.1"]
[White "Warakomski, Tomasz"]
[Black "Kukula, Pawel"]
[Result "1-0"]
[WhiteElo "2498"]
[BlackElo "2250"]
[PlyCount "87"]
[EventDate "2013.??.??"]

1. e4 c5 2. Nf3 Nc6 3. Bb5 Nf6 4. e5 Nd5 5. Nc3 Nc7 6. Bxc6 dxc6 7. h3 Bf5 8.
d3 e6 9. Bg5 Be7 10. Qd2 Nb5 11. Bxe7 Qxe7 12. O-O-O h6 13. Ne2 O-O-O 14. Qe3
Kb8 15. c4 Nc7 16. Ng3 Bg6 17. Ne4 Bxe4 18. dxe4 Na6 19. h4 Rxd1+ 20. Rxd1 Rd8
21. a3 Rxd1+ 22. Kxd1 Kc7 23. Kc2 Nb8 24. Qd2 b6 25. g4 Nd7 26. h5 f6 27. Qc3
Kb7 28. exf6 Nxf6 29. Ne5 Qd6 30. f3 Nd7 31. Qd3 Qxd3+ 32. Nxd3 e5 33. Kd2 Kc7
34. Ke3 Kd6 35. f4 b5 36. b3 bxc4 37. bxc4 a6 38. a4 a5 39. Kf3 exf4 40. Kxf4
Nb6 41. e5+ Ke7 42. Nb2 Ke6 43. Ke4 Nd7 44. Nd3 1-0